01320cam a2200241 i 4500020001800000020001500018040000800033082002600041100001800067245004800085250001900133300002900152500001900181520069000200650002900890650002000919650002900939650003100968700001800999700002001017700002401037700001701061 a9781118802700 a1118802705 cDLC a598 JOH 2016 A118 Or.1 aQuinn, P. J.,10aConcise review of veterinary microbiology / aSecond edition aviii, 197 pages ;c28 cm aIncludes index aUpdated to reflect the latest developments in the field, Concise Review of Veterinary Microbiology, presents essential information on veterinary microbiology for students and those requiring a refresher on key topics relating to microbial diseases in animals. Morphological, cultural and other descriptive features of pathogenic microorganisms are described, together with their habitats and aetiological roles in disease production in animals and , where appropriate, in the human population. Provides veterinary students, veterinary technician and nursing students, and practitioners alike with an essential resource for the review of all aspects of veterinary microbiology.--COVER 0aVeterinary microbiology.12aAnimal Diseases12aAnimal Population Groups22aMicrobiological Phenomena.1 aMarkey, B. K.1 aLeonard, F. C.,1 aFitzPatrick, E. S.,1 aFanning, S.,